| 000 | 00386nam a2200133Ia 4500 | ||
|---|---|---|---|
| 008 | 231017s9999 xx 000 0 und d | ||
| 082 | _a625.7CHA | ||
| 082 | _bCHA | ||
| 245 | 0 | _aLTPP Data Analysis: Influence of Design and Construction Features on the Response and Performance of New Flexible and Rigid Pavements | |
| 245 | 0 | _cTRB | |
| 260 | _bTRB | ||
| 300 | _c30cm | ||
| 942 | _cREP | ||
| 999 |
_c603617 _d603617 |
||